[Event "World Blitz Women 2017"]
[Site "Riyadh KSA"]
[Date "2017.12.30"]
[Round "21.12"]
[White "Javakhishvili, Lela"]
[Black "Krush, Irina"]
[Result "1-0"]
[WhiteTitle "IM"]
[BlackTitle "GM"]
[WhiteElo "2449"]
[BlackElo "2431"]
[WhiteFideId "13601458"]
[BlackFideId "2012782"]
[EventDate "2017.12.29"]

1. Nf3 c5 2. c4 g6 3. g3 Bg7 4. Bg2 Nc6 5. Nc3 d6 6. O-O e6 7. d3 Nge7 8. Bg5 h6
9. Bd2 O-O 10. Rb1 d5 11. a3 b6 12. b4 cxb4 13. axb4 dxc4 14. dxc4 Bb7 15. Qc1
Kh7 16. Rd1 Qc8 17. Ne4 Nf5 18. Bc3 e5 19. Bh3 Nce7 20. Nd6 Qc7 21. Nxb7 Qxb7
22. Bxe5 Rfd8 23. Qc3 Qe4 24. Bxg7 Nxg7 25. Re1 Ngf5 26. Bg2 Qe6 27. e4 Nd6 28.
c5 Rac8 29. Rbc1 bxc5 30. bxc5 Nb5 31. Qb4 a6 32. h4 Nc6 33. Qb2 Ncd4 34. Nxd4
Rxd4 35. e5 Rc4 36. c6 Nd4 37. Rxc4 Qxc4 38. Re4 Rd8 39. c7 Qxc7 40. Rxd4 Qxe5
41. Rb4 Rd1+ 1-0

[Event "World Blitz Women 2017"]
[Site "Riyadh KSA"]
[Date "2017.12.30"]
[Round "21.13"]
[White "Nechaeva, Marina"]
[Black "Khotenashvili, Bela"]
[Result "0-1"]
[WhiteTitle "IM"]
[BlackTitle "GM"]
[WhiteElo "2424"]
[BlackElo "2476"]
[WhiteFideId "4149351"]
[BlackFideId "13602640"]
[EventDate "2017.12.29"]

1. d4 g6 2. c4 Bg7 3. e4 c5 4. d5 d6 5. Nc3 e6 6. Bd3 Ne7 7. h3 O-O 8. Nf3 h6 9.
O-O e5 10. Rb1 f5 11. a3 f4 12. b4 Na6 13. Ne1 b6 14. Be2 h5 15. Nd3 Kh7 16. Bd2
Ng8 17. bxc5 Nxc5 18. Nxc5 bxc5 19. Nb5 Nf6 20. f3 g5 21. Be1 Bh6 22. Kh1 Rg8
23. Rg1 g4 24. Bh4 Bg5 25. Bxg5 Rxg5 26. Qe1 gxh3 27. gxh3 Rxg1+ 28. Qxg1 a6 29.
Nc3 Ra7 30. Rb8 Rg7 31. Qb1 Qd7 32. Bf1 Rg8 33. Nd1 Qg7 0-1

[Event "World Blitz Women 2017"]
[Site "Riyadh KSA"]
[Date "2017.12.30"]
[Round "21.15"]
[White "Bodnaruk, Anastasia"]
[Black "Szczepkowska, Karina"]
[Result "1-0"]
[WhiteTitle "IM"]
[BlackTitle "IM"]
[WhiteElo "2428"]
[BlackElo "2419"]
[WhiteFideId "4181751"]
[BlackFideId "1122681"]
[EventDate "2017.12.29"]

1. e4 e5 2. Nf3 Nc6 3. Bb5 a6 4. Ba4 Nf6 5. O-O Be7 6. Re1 b5 7. Bb3 O-O 8. a4
b4 9. a5 d6 10. d3 Be6 11. Nbd2 Rb8 12. Nc4 Nd7 13. Be3 Nf6 14. h3 h6 15. c3 Qc8
16. Nfd2 Nh7 17. d4 exd4 18. cxd4 d5 19. exd5 Bxd5 20. Nf3 Nf6 21. Nfe5 Bd6 22.
Nxc6 Bxc6 23. Rc1 Qd7 24. Ne5 Bxe5 25. dxe5 Ne4 26. Qxd7 Bxd7 27. Rxc7 Be6 28.
Bxe6 fxe6 29. Ba7 Rb5 30. Rxe4 Rxa5 31. Re1 Ra2 32. Bd4 Rd8 33. Re4 a5 34. Rg4
g5 35. h4 Kh8 36. hxg5 hxg5 37. Rb7 Ra1+ 38. Kh2 Rd1 39. Be3 R1d5 40. Rxg5 Rd1
41. Rh5+ Kg8 42. Bg5 R8d4 43. Bf6 1-0

[Event "World Blitz Women 2017"]
[Site "Riyadh KSA"]
[Date "2017.12.30"]
[Round "21.17"]
[White "Saduakassova, Dinara"]
[Black "Batsiashvili, Nino"]
[Result "0-1"]
[WhiteTitle "IM"]
[BlackTitle "IM"]
[WhiteElo "2460"]
[BlackElo "2502"]
[WhiteFideId "13700090"]
[BlackFideId "13602993"]
[EventDate "2017.12.29"]

1. d4 d5 2. c4 e6 3. Nf3 Nf6 4. g3 c5 5. cxd5 exd5 6. Bg2 Nc6 7. O-O Be7 8. Nc3
O-O 9. Bg5 c4 10. Ne5 Be6 11. Rc1 h6 12. Bf4 Qb6 13. Na4 Qa5 14. b3 Nxe5 15.
dxe5 Nd7 16. bxc4 dxc4 17. Bxb7 Rab8 18. Bg2 Nxe5 19. Nc3 Rbd8 20. Qc2 Ng6 21.
Bd2 Bb4 22. Rfd1 Ne5 23. a3 Qxa3 24. Nb5 Qa5 25. Bxb4 Qxb4 26. Nd4 Bd5 27. Bxd5
Rxd5 28. f4 Qc5 29. e3 Ng4 30. Qe2 Nxe3 31. Qxe3 Rfd8 32. Re1 Rxd4 33. Rc2 Qb6
34. Rce2 Rd3 35. Qxb6 axb6 36. Rb2 c3 37. Rxb6 c2 38. Rc6 Rd1 39. Kf2 Rxe1 0-1

[Event "World Blitz Women 2017"]
[Site "Riyadh KSA"]
[Date "2017.12.30"]
[Round "21.18"]
[White "Mammadova, Gulnar"]
[Black "Zhu, Chen"]
[Result "0-1"]
[WhiteTitle "IM"]
[BlackTitle "GM"]
[WhiteElo "2357"]
[BlackElo "2423"]
[WhiteFideId "13403508"]
[BlackFideId "8600546"]
[EventDate "2017.12.29"]

1. e4 e5 2. Nf3 Nc6 3. Bc4 Bc5 4. O-O Nf6 5. d3 O-O 6. a4 a6 7. c3 d6 8. Bg5 Be6
9. Nbd2 h6 10. Bh4 g5 11. Bg3 Ba7 12. b4 Ne7 13. Bxe6 fxe6 14. d4 exd4 15. cxd4
Qd7 16. h3 Ng6 17. Ra3 Kg7 18. Re1 Rf7 19. Nc4 Qc6 20. Na5 Qb6 21. Qd2 d5 22.
exd5 exd5 23. Be5 Kh7 24. Bxf6 Rxf6 25. Rae3 Raf8 26. Qc2 Kg7 27. Nb3 R8f7 28.
Nc5 Qxb4 29. Ne6+ Kh7 30. Nexg5+ hxg5 31. Nxg5+ Kg7 32. Nxf7 Rxf7 33. Re6 Nf4
34. R6e3 Qxd4 35. Rg3+ Kf8 36. Rf3 Nxh3+ 37. Kh2 Rxf3 38. Qg6 Qf4+ 39. g3 Rxf2+
40. Kxh3 Qf5+ 41. Qxf5+ Rxf5 42. Kg4 Rf7 43. Rb1 c5 44. Kh3 c4 45. Rc1 Kg7 46.
g4 Be3 47. Rc3 Bd2 48. Rc2 c3 49. g5 d4 50. a5 d3 51. Ra2 c2 52. Ra1 c1=Q 0-1

[Event "World Blitz Women 2017"]
[Site "Riyadh KSA"]
[Date "2017.12.30"]
[Round "21.19"]
[White "Charkhalashvili, Inga"]
[Black "Harika, Dronavalli"]
[Result "0-1"]
[WhiteTitle "WGM"]
[BlackTitle "GM"]
[WhiteElo "2355"]
[BlackElo "2504"]
[WhiteFideId "13601431"]
[BlackFideId "5015197"]
[EventDate "2017.12.29"]

1. d4 d6 2. c4 g6 3. b3 Bg7 4. Bb2 a5 5. Nc3 c6 6. e4 Nd7 7. Nf3 Qc7 8. Be2 Ngf6
9. O-O O-O 10. Qc2 e5 11. Rfd1 exd4 12. Nxd4 Nc5 13. Bf1 Re8 14. f3 Bd7 15. Kh1
Rad8 16. a3 Bc8 17. b4 Na6 18. Qa4 axb4 19. axb4 Bd7 20. Qb3 h5 21. Rac1 Qb8 22.
Ba3 h4 23. Nde2 Nh5 24. b5 Nc5 25. Bxc5 dxc5 26. Na4 cxb5 27. Nxc5 Bc8 28. Qxb5
Be5 29. h3 Bf4 30. Rb1 Ng3+ 31. Nxg3 Bxg3 32. Nd7 Bxd7 33. Rxd7 Rxd7 34. Qxd7
Rd8 35. Qxb7 Qxb7 36. Rxb7 Rd1 37. Kg1 Rc1 38. Rb5 Kf8 39. c5 Ke7 40. Rb7+ Ke6
41. Rb6+ Ke7 42. c6 Kd8 43. Rb7 f5 44. exf5 gxf5 45. Rd7+ Kc8 46. f4 Rxc6 47.
Rf7 Rc5 48. Ba6+ Kd8 49. Bd3 Rc1+ 50. Bf1 Bxf4 51. Kf2 Bg3+ 52. Ke2 Re1+ 53. Kf3
Rxf1+ 54. Ke3 Rf2 55. Rf8+ Ke7 56. Rg8 f4+ 57. Ke4 Rxg2 58. Rg7+ Kd6 59. Rg6+
Kc5 60. Rg8 Re2+ 61. Kd3 Re3+ 62. Kd2 Re5 63. Rc8+ Kd4 64. Rd8+ Ke4 65. Ke2 f3+
66. Kf1 Ke3 67. Ra8 Rd5 68. Ra3+ Rd3 69. Ra1 Be5 70. Re1+ Kf4 71. Rb1 Kg3 72.
Re1 Bf4 73. Rb1 Rd2 74. Kg1 Rg2+ 75. Kh1 Rh2+ 0-1

[Event "World Blitz Women 2017"]
[Site "Riyadh KSA"]
[Date "2017.12.30"]
[Round "21.20"]
[White "Hoang, Thi Bao Tram"]
[Black "Buksa, Nataliya"]
[Result "0-1"]
[WhiteTitle "WGM"]
[BlackTitle "WGM"]
[WhiteElo "2410"]
[BlackElo "2385"]
[WhiteFideId "12401102"]
[BlackFideId "14123622"]
[EventDate "2017.12.29"]

1. d4 d5 2. Bf4 Nf6 3. e3 e6 4. Nd2 c5 5. c3 Nc6 6. Bd3 Be7 7. Ngf3 b6 8. Ne5
Nxe5 9. dxe5 Nd7 10. Bg3 Bb7 11. f4 d4 12. Be4 Bxe4 13. Nxe4 dxe3 14. Qe2 Qc7
15. Qxe3 Qc6 16. O-O b5 17. Rad1 Nb6 18. Nd6+ Bxd6 19. Rxd6 Qc7 20. Qe4 O-O 21.
b3 Rad8 22. Rfd1 Nd5 23. Qc2 Ne3 24. Qd2 Nxd1 25. Qxd1 Rxd6 26. exd6 Qd7 27. Bf2
Rc8 28. b4 cxb4 29. cxb4 f6 30. h3 g6 31. Bc5 Kf7 32. Qe1 a5 33. a3 axb4 34.
axb4 Ra8 35. Qd2 Qc6 36. Qe2 h5 37. f5 Qd5 38. fxg6+ Kxg6 39. Qc2+ f5 40. Qf2
Ra1+ 41. Kh2 Qe5+ 42. Qg3+ Qxg3+ 43. Kxg3 Rd1 44. Kf4 Kf6 45. Ke3 e5 46. Kf3 h4
47. Bf2 Rxd6 48. Bxh4+ Ke6 49. Bf2 Rd3+ 50. Ke2 Rb3 51. Bc5 f4 52. h4 Kf5 53.
Kf2 e4 54. Kg1 Kg4 55. Be7 Kg3 56. Kf1 Rb1+ 57. Ke2 Kxg2 58. h5 f3+ 59. Ke3 f2 0-1

[Event "World Blitz Women 2017"]
[Site "Riyadh KSA"]
[Date "2017.12.30"]
[Round "21.21"]
[White "Voit, Daria"]
[Black "Girya, Olga"]
[Result "1-0"]
[WhiteTitle "FM"]
[BlackTitle "WGM"]
[WhiteElo "2390"]
[BlackElo "2484"]
[WhiteFideId "4182146"]
[BlackFideId "4195752"]
[EventDate "2017.12.29"]

1. c4 Nf6 2. Nc3 e5 3. g3 d5 4. cxd5 Nxd5 5. Bg2 Nb6 6. Nf3 Nc6 7. O-O Be7 8. a3
O-O 9. d3 Be6 10. Be3 f6 11. Nd2 f5 12. Bxc6 bxc6 13. Nf3 Bf6 14. Rc1 Nd5 15.
Bd2 Rb8 16. Qc2 Kh8 17. Na4 Bd7 18. Nc5 e4 19. dxe4 Rxb2 20. Qd3 fxe4 21. Qxe4
Bh3 22. Rfd1 Re8 23. Qd3 Qe7 24. e4 Nb6 25. Bc3 Bxc3 26. Qxc3 Rb5 27. a4 Rxc5
28. Qxc5 Qxc5 29. Rxc5 Bg4 30. Rd3 h6 31. Rxc6 Rxe4 32. a5 Nd5 33. Rc5 Nb4 34.
Rb3 c6 35. Kg2 Kh7 36. Nd2 Rd4 37. Rc4 Rxc4 38. Nxc4 Nd5 39. Ne5 Bf5 40. Nxc6
Nf6 41. f3 Be6 42. Re3 Bc4 43. Nxa7 Nd5 44. Re4 Ba6 45. Re5 Nb4 46. Nb5 Nd3 47.
Rd5 Nb4 48. Rf5 Kg6 49. g4 Nc2 50. Nc7 Ne3+ 51. Kf2 1-0

[Event "World Blitz Women 2017"]
[Site "Riyadh KSA"]
[Date "2017.12.30"]
[Round "21.22"]
[White "Belenkaya, Dina"]
[Black "Berend, Elvira"]
[Result "0-1"]
[WhiteTitle "WGM"]
[BlackTitle "WGM"]
[WhiteElo "2303"]
[BlackElo "2303"]
[WhiteFideId "24142654"]
[BlackFideId "4000510"]
[EventDate "2017.12.29"]

1. e4 e5 2. Nf3 Nc6 3. Nc3 Nf6 4. d4 exd4 5. Nxd4 Bb4 6. Nxc6 bxc6 7. Bd3 O-O 8.
O-O d5 9. exd5 cxd5 10. h3 c6 11. Qf3 Be6 12. Bf4 Bd6 13. Ne2 Rb8 14. b3 a5 15.
c3 Re8 16. Rad1 c5 17. Rfe1 Qc7 18. Bxd6 Qxd6 19. Nf4 a4 20. bxa4 Ra8 21. Bb5
Red8 22. c4 d4 23. Nxe6 fxe6 24. Qe2 Kf7 25. Qe5 Qxe5 26. Rxe5 Rac8 27. Rde1 Rd6
28. a5 Rc7 29. a6 Nd7 30. Bxd7 Rcxd7 31. Rxc5 Rxa6 32. Re2 d3 33. Rd2 Ra3 34.
Rb5 Rc3 35. Rb3 Rc1+ 36. Kh2 Rxc4 37. Rbxd3 Ra7 38. Rd7+ Rxd7 39. Rxd7+ Kf6 40.
Ra7 Rc2 41. Kg3 Rc3+ 42. f3 e5 43. Ra6+ Kf5 44. Ra7 Kf6 45. Kf2 Rc2+ 46. Kg3 Rc3
47. Kh2 h5 48. h4 Rc4 49. Kg3 Rc3 50. Ra5 g6 51. Ra4 Kf5 52. Ra8 Kf6 53. Kh2 Rc4
54. Kh3 Rc3 55. Kh2 Rc4 56. Kg3 Rc3 57. Ra4 Kf5 58. Rb4 Ra3 59. Rb2 e4 60. Rf2
e3 61. Re2 Ke5 62. Kh2 Kd4 63. g4 Kd3 64. Rb2 e2 65. Rb1 Kd2 66. Rb2+ Kd1 67.
Rb1+ Kc2 68. Rg1 Kd2 69. gxh5 gxh5 70. Kg3 e1=Q+ 71. Rxe1 Kxe1 72. Kf4 Ke2 73.
Kg5 Ra5+ 74. Kf4 Kf2 75. Ke4 Kg3 76. f4 Kxh4 77. f5 Kg5 78. a3 Kf6 79. Kf4 Ra4+
80. Kg3 Kxf5 81. Kh3 Rxa3+ 82. Kh4 Rb3 0-1

[Event "World Blitz Women 2017"]
[Site "Riyadh KSA"]
[Date "2017.12.30"]
[Round "21.23"]
[White "Vo, Thi Kim Phung"]
[Black "Charochkina, Daria"]
[Result "1-0"]
[WhiteTitle "WGM"]
[BlackTitle "IM"]
[WhiteElo "2380"]
[BlackElo "2317"]
[WhiteFideId "12401838"]
[BlackFideId "4180917"]
[EventDate "2017.12.29"]

1. d4 g6 2. c4 Bg7 3. Nc3 c5 4. e3 Nc6 5. Nf3 cxd4 6. exd4 d6 7. h3 Nf6 8. Be2
O-O 9. O-O Bd7 10. Be3 Rc8 11. Rc1 a6 12. b3 Qa5 13. d5 Ne5 14. Nxe5 dxe5 15.
Qd2 Rfd8 16. Rfd1 Bf5 17. Na4 Qxd2 18. Bxd2 Ne4 19. Ba5 Re8 20. Nb6 Rb8 21. c5
Bh6 22. Rc4 Rbd8 23. Bf3 Nf6 24. g4 e4 25. Bg2 Bc8 26. Bxe4 Nxe4 27. Rxe4 f5 28.
Rc4 fxg4 29. hxg4 Rf8 30. Kg2 Bf4 31. f3 h5 32. Rdd4 g5 33. gxh5 Bf5 34. Rd1 Kh7
35. Bd2 Rg8 36. Bxf4 gxf4+ 37. Kf2 Bh3 38. Rxf4 Rg2+ 39. Ke3 Rxa2 40. Rf7+ Kh6
41. Rxe7 Rf8 42. d6 Bg2 43. f4 Rg8 44. d7 Rg3+ 45. Kd4 Rf2 46. d8=Q Rxf4+ 47.
Ke5 Re4+ 48. Kd6 1-0

[Event "World Blitz Women 2017"]
[Site "Riyadh KSA"]
[Date "2017.12.30"]
[Round "21.24"]
[White "Nakhbayeva, Guliskhan"]
[Black "Galojan, Lilit"]
[Result "1-0"]
[WhiteTitle "WGM"]
[BlackTitle "IM"]
[WhiteElo "2314"]
[BlackElo "2300"]
[WhiteFideId "13704788"]
[BlackFideId "13301314"]
[EventDate "2017.12.29"]

1. d4 Nf6 2. c4 e6 3. Nc3 Bb4 4. e3 O-O 5. Bd3 d5 6. Nf3 c5 7. O-O dxc4 8. Bxc4
Nbd7 9. a3 Bxc3 10. bxc3 b6 11. Bb2 Bb7 12. Bd3 Qc7 13. c4 Rfd8 14. Qe2 Rac8 15.
Rac1 Be4 16. Rfd1 Qb7 17. d5 exd5 18. cxd5 Bxd3 19. Qxd3 b5 20. e4 c4 21. Qe3
Qb6 22. Bd4 Qa6 23. Nh4 Nf8 24. Nf5 Re8 25. d6 Rcd8 26. Bxf6 gxf6 27. Qh6 Ne6
28. Rc3 Kh8 29. Qxf6+ 1-0

[Event "World Blitz Women 2017"]
[Site "Riyadh KSA"]
[Date "2017.12.30"]
[Round "21.25"]
[White "Zatonskih, Anna"]
[Black "Munguntuul, Batkhuyag"]
[Result "1-0"]
[WhiteTitle "IM"]
[BlackTitle "IM"]
[WhiteElo "2452"]
[BlackElo "2397"]
[WhiteFideId "14101572"]
[BlackFideId "4900758"]
[EventDate "2017.12.29"]

1. e4 c5 2. g3 Nc6 3. Bg2 e6 4. Ne2 Nf6 5. f4 d5 6. e5 Nd7 7. c3 b6 8. O-O g6 9.
d4 Bg7 10. Be3 O-O 11. Bf2 a5 12. c4 Ne7 13. Nbc3 Bb7 14. cxd5 Nxd5 15. Nxd5
Bxd5 16. Bxd5 exd5 17. Nc3 Rc8 18. Nxd5 Nb8 19. dxc5 bxc5 20. Rc1 Na6 21. Qf3
Nb4 22. Rfd1 Nxd5 23. Rxd5 Qb6 24. b3 Rfd8 25. Rxd8+ Qxd8 26. Rxc5 Bf8 27. Rxc8
Qxc8 28. Qd5 h5 29. Kg2 Bb4 30. h3 Qf5 31. Qf3 Qc2 32. Qe3 Qxa2 33. e6 Qa3 34.
exf7+ Kxf7 35. Qd3 Qc1 36. Qd5+ Kf8 37. Qe4 Kf7 38. g4 hxg4 39. hxg4 Qc7 40. Bd4
Qe7 41. Qd5+ Qe6 42. Qxe6+ Kxe6 43. Kf3 Bd2 44. Ke4 Bb4 45. f5+ gxf5+ 46. gxf5+
Kf7 47. Kd5 Bd2 48. Kc4 Ke7 49. Bc3 Be3 50. Kb5 Kd7 51. Kxa5 Kc6 52. f6 Kd6 53.
Kb5 Ke6 54. Kc6 Kf7 55. b4 Bf2 56. b5 Be3 57. b6 1-0

[Event "World Blitz Women 2017"]
[Site "Riyadh KSA"]
[Date "2017.12.30"]
[Round "21.26"]
[White "Zawadzka, Jolanta"]
[Black "Gaponenko, Inna"]
[Result "1-0"]
[WhiteTitle "WGM"]
[BlackTitle "IM"]
[WhiteElo "2424"]
[BlackElo "2435"]
[WhiteFideId "1122320"]
[BlackFideId "14101181"]
[EventDate "2017.12.29"]

1. e4 d6 2. d4 Nf6 3. Nc3 g6 4. Nf3 Bg7 5. Be3 c6 6. h3 b5 7. Bd3 Nbd7 8. O-O
O-O 9. a4 b4 10. Ne2 c5 11. Ng3 a5 12. Qd2 Bb7 13. Bh6 c4 14. Bxg7 Kxg7 15. Bxc4
Nxe4 16. Nxe4 Bxe4 17. Ng5 Bb7 18. Bxf7 Qb6 19. Bb3 Rf6 20. Rae1 e5 21. dxe5
Nxe5 22. Rxe5 d5 23. Re7+ Kf8 24. Rfe1 Rf5 25. Nxh7+ Kg8 26. R1e6 Bc6 27. Rxg6+
Kh8 28. Nf6 1-0

[Event "World Blitz Women 2017"]
[Site "Riyadh KSA"]
[Date "2017.12.30"]
[Round "21.27"]
[White "Cori T., Deysi"]
[Black "Arakhamia-Grant, Ketevan"]
[Result "1-0"]
[WhiteTitle "WGM"]
[BlackTitle "GM"]
[WhiteElo "2389"]
[BlackElo "2350"]
[WhiteFideId "3801934"]
[BlackFideId "13600168"]
[EventDate "2017.12.29"]

1. d4 Nf6 2. Nf3 g6 3. g3 Bg7 4. Bg2 c5 5. c3 O-O 6. O-O d6 7. Nbd2 cxd4 8. cxd4
Nc6 9. Nc4 b5 10. Na3 Rb8 11. d5 Nb4 12. Nd4 Bb7 13. e4 a5 14. Naxb5 Ba6 15. a4
Qd7 16. Bd2 Rfc8 17. Bxb4 axb4 18. Nc6 Rb7 19. e5 dxe5 20. Nxe5 Qe8 21. Nc6 Nd7
22. Re1 Bxb5 23. Nxe7+ Kh8 24. Nxg6+ hxg6 25. Rxe8+ Rxe8 26. axb5 Bxb2 27. Rb1
Bc3 28. Qg4 Nf6 29. Qh4+ Kg7 30. Qc4 Rbb8 31. d6 Rbc8 32. Bc6 Red8 33. Rd1 Nd7
34. Qe4 Nb6 35. Qf3 Nc4 36. d7 Rc7 37. Qf4 Ne5 38. Qe4 b3 39. Rb1 Nxd7 40. Qc4
Bf6 41. Qxb3 Ne5 42. Be4 Rcd7 43. h4 Rd2 44. b6 Ng4 45. Rf1 Bd4 46. b7 Rb8 47.
Qb4 Bxf2+ 48. Kh1 Ra2 49. Qc3+ Nf6 50. Qe5 Bxg3 51. Qxf6+ Kh6 52. Qg5+ Kg7 53.
Qxg3 Ra4 54. Qe5+ Kh6 55. Qxb8 Rxe4 56. Qh8# 1-0

[Event "World Blitz Women 2017"]
[Site "Riyadh KSA"]
[Date "2017.12.30"]
[Round "21.28"]
[White "Socko, Monika"]
[Black "Shuvalova, Polina"]
[Result "1-0"]
[WhiteTitle "GM"]
[BlackTitle "WIM"]
[WhiteElo "2471"]
[BlackElo "2385"]
[WhiteFideId "1106619"]
[BlackFideId "24171760"]
[EventDate "2017.12.29"]

1. d4 Nf6 2. c4 e6 3. g3 d5 4. Bg2 Bb4+ 5. Bd2 Be7 6. Nf3 c6 7. Qc2 b6 8. O-O
O-O 9. b3 Nbd7 10. Bc3 Ba6 11. Nbd2 c5 12. cxd5 Nxd5 13. Rfe1 Nxc3 14. Qxc3 Rc8
15. Qb2 Bf6 16. Ne4 Be7 17. Rad1 Qc7 18. e3 Bb7 19. Ned2 Rfd8 20. Nc4 cxd4 21.
Nxd4 Bxg2 22. Kxg2 Bf6 23. Qe2 Nc5 24. Qf3 a6 25. h4 h6 26. Rd2 b5 27. Nb2 Qa5
28. Red1 e5 29. Nc6 Qxd2 30. Rxd2 Rxd2 31. Na7 Rc7 32. b4 Rxa7 33. bxc5 Rxb2 34.
Qd5 Rc2 35. Qc6 Be7 36. Qc8+ Bf8 37. c6 g6 38. h5 gxh5 39. Qb8 Re7 40. Qc8 a5
41. Qa8 a4 42. Qa6 Rc7 43. Qxb5 a3 44. Qxe5 R7xc6 45. Qxh5 Rxa2 46. Qg4+ Bg7 47.
Qd7 Rac2 48. Qd8+ Kh7 49. Qd3+ Kg8 50. Qxa3 Rf6 51. Qa8+ Kh7 52. Qe4+ Rg6 53.
Qxc2 Bf6 54. Kh3 Kg7 55. f4 h5 56. e4 Be7 57. Qc8 Rb6 58. Qc3+ Bf6 59. e5 Be7
60. Qf3 Rh6 61. f5 Bg5 62. f6+ Kh7 63. Qf5+ Rg6 64. e6 Bxf6 65. exf7 Kg7 66.
f8=Q+ 1-0

[Event "World Blitz Women 2017"]
[Site "Riyadh KSA"]
[Date "2017.12.30"]
[Round "21.29"]
[White "Khukhashvili, Sopiko"]
[Black "Hoolt, Sarah"]
[Result "1/2-1/2"]
[WhiteTitle "IM"]
[BlackTitle "WGM"]
[WhiteElo "2312"]
[BlackElo "2405"]
[WhiteFideId "13602055"]
[BlackFideId "24606812"]
[EventDate "2017.12.29"]

1. e4 c5 2. Nf3 e6 3. d4 cxd4 4. Nxd4 Nc6 5. Be2 Qc7 6. Nb5 Qb8 7. c4 a6 8. N5c3
Bd6 9. g3 Be7 10. Bf4 d6 11. Na3 Nf6 12. O-O b6 13. Nc2 Bb7 14. Qd2 O-O 15. Rad1
Rd8 16. Qe3 Qc7 17. b3 Ne5 18. h3 Rac8 19. Rc1 Ng6 20. Bg5 h6 21. Bxf6 Bxf6 22.
Na4 b5 23. cxb5 axb5 24. Na3 Qb8 25. Nxb5 d5 26. Nb6 Rxc1 27. Rxc1 dxe4 28. h4
Ne5 29. Nc4 Nf3+ 30. Kg2 Bd5 31. Nc3 Bd4 32. Qf4 Qxf4 33. gxf4 Nxh4+ 34. Kh3
Bxf2 35. Nxd5 exd5 36. Ne5 Nf5 37. Bg4 Ne3 38. Bh5 g6 39. Be2 d4 40. Rc7 d3 41.
Bd1 Nxd1 42. Nxf7 Re8 43. Nxh6+ Kh8 44. Nf7+ Kg7 45. Ng5+ Kg8 46. Nh7 Re6 47.
Ng5 Rd6 48. Rc8+ Kg7 49. Rc7+ Kf8 50. Rc8+ Ke7 51. Rc7+ Rd7 52. Rc6 d2 53. Re6+
Kd8 54. Nxe4 Be1 55. Nf6 Rd3+ 56. Kg4 Nf2+ 57. Kg5 d1=Q 58. Re8+ Kc7 59. Re7+
Rd7 60. Rxd7+ Qxd7 61. Nxd7 Kxd7 62. Kxg6 Bc3 63. f5 Ke7 64. a3 Nd3 65. b4 Nb2
66. b5 Na4 67. Kg5 Kf7 68. Kf4 Kf6 69. Ke4 Bb2 70. Kd5 Bxa3 71. Kc6 Bb2 72. b6
Be5 73. Kb5 Nc3+ 74. Kc6 Kxf5 75. b7 Ke6 76. Kb6 Kd7 77. Kc5 Bb8 78. Kb6 Nd5+
79. Kc5 Ne7 80. Kb6 Kd6 81. Kb5 Kc7 82. Ka6 Nd5 83. Kb5 Kxb7 84. Kc5 Ne7 85. Kd4
Kc6 86. Kc4 Bd6 87. Kd4 Ng8 88. Ke4 Bc7 89. Kd4 Kd6 90. Ke4 Kc5 91. Kf5 Kd5 92.
Kg6 Ne7+ 93. Kf6 Bd6 94. Kg5 Ke5 95. Kg4 Ke4 96. Kg5 Be5 97. Kg4 Nd5 98. Kh4 Kf4
99. Kh3 Ne3 100. Kh4 Bd6 101. Kh3 Kf3 102. Kh4 Kf4 103. Kh3 Ng4 104. Kg2 Ne5
105. Kf2 Bc5+ 106. Kg2 Kg4 107. Kh2 Nd3 108. Kg2 Nf4+ 109. Kh2 Kf3 110. Kh1 Bd6
111. Kh2 Ne2+ 112. Kh1 Bc5 113. Kh2 Ng3 114. Kh3 Bg1 115. Kh4 Kf4 116. Kh3 Kf3
117. Kh4 Be3 118. Kh3 Ne4 119. Kh2 Bf2 120. Kh3 Bg1 121. Kh4 Kf4 122. Kh3 Kf3
123. Kh4 Nf2 124. Kg5 Ne4+ 125. Kh4 Kf4 126. Kh3 Be3 127. Kg2 Kg4 128. Kh2 Bf4+
129. Kg2 Ng5 130. Kf2 Ne4+ 131. Kg2 Be5 132. Kg1 Kf3 133. Kh1 Bf4 134. Kg1 Nf2
135. Kf1 Ne4 136. Kg1 Nf2 137. Kf1 Bh2 138. Ke1 Ke3 139. Kf1 Kf3 140. Ke1 Ne4
141. Kf1 Nd2+ 142. Ke1 Ke3 143. Kd1 Kd3 144. Ke1 Bg3+ 145. Kd1 Nc4 146. Kc1 Ne3
147. Kb2 Be5+ 148. Kb3 Nd5 1/2-1/2

[Event "World Blitz Women 2017"]
[Site "Riyadh KSA"]
[Date "2017.12.30"]
[Round "21.30"]
[White "Rapport, Jovana"]
[Black "Sukandar, Irine Kharisma"]
[Result "0-1"]
[WhiteTitle "WGM"]
[BlackTitle "IM"]
[WhiteElo "2299"]
[BlackElo "2384"]
[WhiteFideId "937266"]
[BlackFideId "7101937"]
[EventDate "2017.12.29"]

1. d4 Nf6 2. Nc3 d5 3. Bf4 c6 4. e3 g6 5. Be2 Bg7 6. Nf3 O-O 7. Ne5 Nbd7 8. h4
Nxe5 9. Bxe5 h5 10. Bxf6 exf6 11. g4 hxg4 12. Bxg4 f5 13. Be2 f4 14. h5 fxe3 15.
fxe3 Qg5 16. Qd3 Qg3+ 17. Kd1 Bf5 18. e4 Qg2 19. Bf3 Bg4 20. Rf1 dxe4 21. Nxe4
Rae8 22. h6 Rxe4 23. hxg7 Rfe8 24. b3 Bxf3+ 25. Kc1 Be2 26. Qd2 Qxf1+ 27. Kb2
Qf6 28. a4 Qxd4+ 29. Qxd4 Rxd4 0-1

[Event "World Blitz Women 2017"]
[Site "Riyadh KSA"]
[Date "2017.12.30"]
[Round "21.31"]
[White "Karavade, Eesha"]
[Black "Mamedjarova, Zeinab"]
[Result "0-1"]
[WhiteTitle "IM"]
[BlackTitle "WGM"]
[WhiteElo "2384"]
[BlackElo "2363"]
[WhiteFideId "5012600"]
[BlackFideId "13401521"]
[EventDate "2017.12.29"]

1. Nf3 d5 2. g3 c6 3. Bg2 g6 4. d4 Bg7 5. O-O Nf6 6. Nbd2 O-O 7. c4 Nbd7 8. b3
a5 9. Bb2 Ne4 10. Nxe4 dxe4 11. Ng5 e3 12. f4 c5 13. Nf3 cxd4 14. Bxd4 Nf6 15.
Bxe3 Ng4 16. Bd4 Bf5 17. h3 Nf6 18. Qc1 a4 19. Qe3 Qc8 20. Kh2 h5 21. Ne5 Ra6
22. Rac1 axb3 23. axb3 Rd8 24. Rfd1 Rad6 25. Qg1 Be4 26. Bb6 Rxd1 27. Rxd1 Rxd1
28. Qxd1 Bxg2 29. Kxg2 Ne4 30. Qd5 Nd6 31. c5 Bxe5 32. Qxe5 Qc6+ 33. Kh2 Nf5 34.
e4 Ne3 35. Qd4 Nc2 36. Qd3 Nb4 37. Qd8+ Kh7 38. Qxe7 Qb5 39. Qxf7+ Kh8 40. Qf6+
Kh7 41. Qd8 Qe2+ 42. Kg1 Qe1+ 43. Kg2 Qxe4+ 44. Kg1 Qe1+ 45. Kg2 Qe2+ 46. Kg1
Nd3 47. Qd7+ Kh6 48. Qd4 Qe1+ 49. Kg2 Qd2+ 50. Kf1 Qd1+ 51. Kg2 Ne1+ 52. Kf1
Qxd4 53. Kxe1 Qc3+ 54. Ke2 Qxb3 55. g4 hxg4 56. hxg4 g5 57. f5 Qc4+ 58. Kf3 Qf4+
59. Ke2 Qxg4+ 0-1

[Event "World Blitz Women 2017"]
[Site "Riyadh KSA"]
[Date "2017.12.30"]
[Round "21.32"]
[White "Papp, Petra"]
[Black "Mkrtchian, Lilit"]
[Result "1/2-1/2"]
[WhiteTitle "WGM"]
[BlackTitle "IM"]
[WhiteElo "2313"]
[BlackElo "2376"]
[WhiteFideId "739049"]
[BlackFideId "13300601"]
[EventDate "2017.12.29"]

1. e4 e6 2. d4 d5 3. Nc3 Bb4 4. e5 c5 5. a3 Bxc3+ 6. bxc3 Qa5 7. Bd2 Qa4 8. Qg4
Kf8 9. Nf3 Nc6 10. Be2 c4 11. Ra2 Bd7 12. O-O h6 13. h4 Nge7 14. h5 Qa5 15. Qf4
Qc7 16. a4 Ke8 17. Bc1 Nd8 18. Qg4 Nf5 19. Nh4 Kf8 20. Qh3 Nxh4 21. Qxh4 Nc6 22.
Ba3+ Ke8 23. Bd6 Qd8 24. Qh3 f5 25. f4 Kf7 26. g4 Ne7 27. g5 Nc8 28. g6+ Ke8 29.
Ba3 Bxa4 30. Rb1 Bc6 31. Bc5 b6 32. Ba3 Kd7 33. Rab2 1/2-1/2